| 000 | 00801nam a22002055i 4500 | ||
|---|---|---|---|
| 001 | 156763 | ||
| 003 | ES-MaACL | ||
| 005 | 20251003163437.0 | ||
| 008 | 040804s1895 fr |||| | fre d | ||
| 040 |
_aCAM _bspa _cCAM |
||
| 100 | 0 |
_aLabiche, Eugène. _969236 |
|
| 245 | 1 | 0 |
_aMaman Sabouleux _b: comédie en un acte mèlée de chant / _cpar E. Labiche et Marc Michel. |
| 250 | _a[Nouvelle éd.]. | ||
| 260 |
_aParis : _bCalmann Lévy éditeur, _c1895 ( _eImprimerie de Lagny : _fEmile Colin) |
||
| 300 |
_a43 p. ; _c18 cm. |
||
| 595 | _aMención de ed. tomada de la cub. original. | ||
| 700 | 1 | 1 |
_aMichel, Marc, _d1812-1868 _9149496 |
| 852 |
_aES-MaACL _jD-2936(1) _z-- Enc. hol. conservando la cub. original _z-- Legado M. de la Fuente _z-- Enc. en un vol. facticio |
||
| 999 |
_c156763 _d156763 |
||